| 000 | 00558nam a22001817a 4500 | ||
|---|---|---|---|
| 999 |
_c19424 _d19424 |
||
| 003 | BDDh-ASL | ||
| 005 | 20231015025800.0 | ||
| 008 | 201128s1961 nju||||| |||| 00| 0 eng d | ||
| 040 |
_aBDDh-ASL _cBDDh-ASL |
||
| 082 |
_a940.5 _bHUC |
||
| 100 | 1 |
_92287 _aHughes, H. Stuart |
|
| 245 | 1 | 0 |
_aContemporary Europe : _bA History, fourth edition / |
| 260 |
_aNew Jersey: _bPrentice-Hall, _c1961. |
||
| 300 |
_a622 p. : _c24 cm. |
||
| 504 | _aIncludes bibliographical references and index. | ||
| 651 | 0 |
_92170 _aEurope _xHistory _y20th Century |
|
| 942 |
_2ddc _cBK |
||